000 00234nam a22000857a 4500
008 161116b xxu||||| |||| 00| 0 eng d
100 _91267
_aMurthi. R. K
245 _aThe great ballon story
260 _aNew delhi
_bNartional book trust
_c2005
999 _c3970
_d3970